Empowerment as a growth strategy.

Správa o postupe firmy na realizáciu jej rozhodnutia o vstupe na medzinárodný trh, za použitia zmocnenia ako strategického nástroja v boji s konkurenciou. Predpokladá zmenu v roliach vedúcich pracovníkov pri uplatnení zmocnenia v expanznej stratégii. Organizačné a systémové zmeny na posilnenie zmocn...

ver descrição completa

Na minha lista:
Detalhes bibliográficos
Autor principal: Belasco, J.A
Formato: Capítulo de Livro
Idioma:inglês
Assuntos:
Tags: Adicionar Tag
Sem tags, seja o primeiro a adicionar uma tag!

MARC

LEADER 00000naa a2200000 4500
001 r011187
005 20221130113134.0
041 0 |a eng 
044 |a DE 
245 1 0 |a Empowerment as a growth strategy.  |c J.A. Belasco 
520 |a Správa o postupe firmy na realizáciu jej rozhodnutia o vstupe na medzinárodný trh, za použitia zmocnenia ako strategického nástroja v boji s konkurenciou. Predpokladá zmenu v roliach vedúcich pracovníkov pri uplatnení zmocnenia v expanznej stratégii. Organizačné a systémové zmeny na posilnenie zmocnenia. Originálna stratégia joint venture pre vstup na nové trhy. 
610 2 0 |a rozhodovanie podnikové 
610 2 0 |a stratégia podniková 
610 2 0 |a rast hospodársky 
610 2 0 |a trh medzinárodný 
610 2 0 |a joint ventures 
610 2 0 |a konkurencieschopnosť 
610 2 0 |a pracovníci vedúci 
100 1 |a Belasco, J.A.